000 01230nam a22002777a 4500
001 BD-DhSAU 8664
003 BD-DhSAU
005 20181213105218.0
008 150612b2008 bg a|||| m||| 00| 0 eng d
040 _aBD-DhSAU
082 _222
_a595.7
_bUd2
100 _aUddin, M Jamal
_eRegistration no. # 00844
245 _aEffect of some IPM tools for the suppression of pod borer (Euchrysops cnejus) attacking yard long Bean /
_bMS thesis
_c M Jamal Uddin
260 _aSher-e-Bangla Agricultural Uniersity :
_bDepartment of Entomology,
_c2008.
300 _aviii, 77 p. :
_bill. ;
_c30 cm.
500 _aMS thesis of Department of Entomology, Faculty of Agriculture, Sher-e-Bangla Agricultural University, Dhaka, Bangladesh
504 _aIncludes bibliographical reference.
590 _aerfat
650 _aEntomology
650 _aEffect of some IPM tools for the suppression
650 _aPod borer (Euchrysops cnejus) attacking yard long Bean
700 _aRahman, Md Mizanur
_eSuperviser
700 _aAli, Mohammed
_eCo-superviser
856 _uhttp://archive.saulibrary.edu.bd:8080/xmlui/handle/123456789/1171
942 _2ddc
_cTHESIS
999 _c8664
_d8664